Cases in Health Policy and Management
Gespeichert in:
| 1. Verfasser: | |
|---|---|
| Weitere Verfasser: | , |
| Format: | Buch |
| Sprache: | Englisch |
| Veröffentlicht: |
Homewood
Irwin
1985
|
| Ausgabe: | 1. ed. |
| Schlagworte: | |
| Tags: |
Keine Tags, Fügen Sie das erste Tag hinzu!
|
MARC
| LEADER | 00000nam a2200000 4500 | ||
|---|---|---|---|
| 001 | c003960 | ||
| 005 | 20230227124105.3 | ||
| 020 | |a 0-256-03292-0 | ||
| 041 | 0 | |a eng | |
| 044 | |a US | ||
| 245 | 1 | 0 | |a Cases in Health Policy and Management |c Robert B. Fetter, John D. Thompson, John R. Kimberly |
| 250 | |a 1. ed. | ||
| 264 | 1 | |a Homewood |b Irwin |c 1985 | |
| 300 | |a 524 s. | ||
| 610 | 2 | 0 | |a zdravotníctvo |
| 610 | 2 | 0 | |a manažment |
| 610 | 2 | 0 | |a riadenie |
| 610 | 2 | 0 | |a starostlivosť zdravotná |
| 610 | 2 | 0 | |a nemocnice |
| 610 | 2 | 0 | |a štúdie prípadové |
| 100 | 1 | |a Fetter, Robert B. | |
| 700 | 1 | |a Thompson, John D. | |
| 700 | 1 | |a Kimberly, John R. | |